000 00498nam a2200157 i 4500
001 150485
003 ES-MaACL
005 20230906203532.0
007 t|
008 071031s1932 ck ||||1| spa d
100 1 _aValderrama Benítez, Ernesto.
_9112495
245 1 0 _aSantander y su desarrollo económico en el año 1931 /
_cE. Valderrama Benítez.
260 _aBucaramanga (Colombia) :
_b[s.n.],
_c1932 (
_fImp. del Departamento)
300 _a177 p. ;
_c20 cm.
852 _aES-MaACL
_j1778-F-2
999 _c150485
_d150485